Applied Physics/ (Record no. 186229)

MARC details
000 -LEADER
fixed length control field 00568nam a22001817a 4500
005 - DATE AND TIME OF LATEST TRANSACTION
control field 20220217155203.0
010 ## - LCCN (DPL NO)
LC control number ENG-131660
020 ## - INTERNATIONAL STANDARD BOOK NUMBER
International Standard Book Number 9789392311093
Terms of availability 460.00
035 ## - SYSTEM CONTROL NUMBER
System control number EN-115192
037 ## - SOURCE OF ACQUISITION
Source of stock number/acquisition DBAD
082 ## - DEWEY DECIMAL CLASSIFICATION NUMBER
Classification number 530
100 ## - MAIN ENTRY--PERSONAL NAME
Personal name Kiranmai, V. Lakshmi
245 ## - TITLE STATEMENT
Title Applied Physics/
Statement of responsibility, etc V. Lakshmi Kiranmai
260 ## - PUBLICATION, DISTRIBUTION, ETC. (IMPRINT)
Place of publication, distribution, etc Hyderabad
Name of publisher, distributor, etc SunRaise International Publishers
Date of publication, distribution, etc 2021
270 ## - ADDRESS
Address # 326/C, Level-2, Surneni Nilayam Near B K Guda Park, S R Nagar
City Hyderabad
Postal code 500038
300 ## - PHYSICAL DESCRIPTION
Extent xvi, 480p.
Dimensions 24cm(pbk)
942 ## - ADDED ENTRY ELEMENTS (KOHA)
Source of classification or shelving scheme Dewey Decimal Classification
Item type English Books
Classification part 530
Call number suffix KIR
Holdings
Withdrawn status Lost status Not for loan Collection code Home library Current library Date acquired Source of acquisition Cost, normal purchase price Full call number Barcode Copy number Cost, replacement price Koha item type
      Non-fiction Patel Nagar Patel Nagar 17/02/2022 DBAD/PUB 460.00 530 KIR EN-115192 1 460.00 English Books

© Delhi Public Library
Hit Counter
free hit counter